| 000 | 00450nam a22001337a 4500 | ||
|---|---|---|---|
| 082 | _a BICSE-6 RUM | ||
| 100 |
_a Rumaisah Munir _992974 |
||
| 245 | _aSecure debit card device model | ||
| 260 |
_a Islamabad _bNUST School of Electrical Engineering and Computer Science _c2013 |
||
| 300 |
_a 157p. : _eCD-ROM |
||
| 500 | _a Supervisor: Dr. Abdul Ghafoor Abbasi | ||
| 856 | _uhttp://10.250.8.41:8080/xmlui/handle/123456789/11022 | ||
| 942 |
_cPR _2ddc |
||
| 999 |
_c12712 _d12712 |
||